000 00367nam a22001457a 4500
008 230619b xxu||||| |||| 00| 0 eng d
020 _a0879542950
082 _a025
_bOLS
100 _cStan Olson
245 _aThe Foundation Directory
_b12th Edition
260 _aNew York
_bThe foundation centre
_c1989
300 _a1235p
440 _x00718092
942 _2ddc
_cBK
999 _c1182
_d1182